000 00336nam a2200145Ia 4500
008 191201s2011 xx 000 0 und d
082 _a658.3
_bDET
100 _aDEB, Tapomoy
245 0 _aTraining & Development Concepts
250 _aRep
260 _aN. Delhi
_bAne Books
_c2011
300 _a241
650 _aBBA
942 _2ddc
_cBK
999 _c4990
_d4990